No flying from fate / (Record no. 67448)

MARC details
000 -LEADER
fixed length control field 00724nam a22002177a 4500
005 - DATE AND TIME OF LATEST TRANSACTION
control field 20120604112648.0
008 - FIXED-LENGTH DATA ELEMENTS--GENERAL INFORMATION
fixed length control field 120604t xxu||||| |||| 00| 0 eng d
010 ## - LCCN (DPL NO)
LC control number ENG-105412
020 ## - INTERNATIONAL STANDARD BOOK NUMBER
International Standard Book Number 9788190939119
Terms of availability 295.00
035 ## - SYSTEM CONTROL NUMBER
System control number EN-88945
037 ## - SOURCE OF ACQUISITION
Source of stock number/acquisition DBAD/PUB
040 ## - CATALOGING SOURCE
Original cataloging agency DPL
Language of cataloging Eng
082 ## - DEWEY DECIMAL CLASSIFICATION NUMBER
Classification number N
100 ## - MAIN ENTRY--PERSONAL NAME
Personal name katyal, Saurabh
9 (RLIN) 48382
245 ## - TITLE STATEMENT
Title No flying from fate /
Statement of responsibility, etc by Saurabh Katyal
260 ## - PUBLICATION, DISTRIBUTION, ETC. (IMPRINT)
Place of publication, distribution, etc Delhi
Name of publisher, distributor, etc Gyanna Books
Date of publication, distribution, etc 2010
270 ## - ADDRESS
Address S-12, Plot No. B-7, Street no. 13, Madhu Vihar Market, Patpadganj
City Delhi
Postal code 110092
300 ## - PHYSICAL DESCRIPTION
Extent 328p.
Dimensions 22cm(pbk)
942 ## - ADDED ENTRY ELEMENTS (KOHA)
Source of classification or shelving scheme Dewey Decimal Classification
Item type English Books
Classification part N
Call number suffix KAT
Holdings
Withdrawn status Lost status Source of classification or shelving scheme Damaged status Not for loan Collection code Home library Current library Date acquired Source of acquisition Cost, normal purchase price Total Checkouts Full call number Barcode Date last seen Copy number Cost, replacement price Koha item type
    Dewey Decimal Classification   Not For Loan Fiction D.B.Act.Division D.B.Act.Division 04/06/2012 DBAD/PUB 295.00   N KAT EN-88945 04/06/2012 1 295.00 English Books

© Delhi Public Library
Hit Counter
free hit counter